banner-ar

البلاستيك وتاثيراته الصحية والبيئية / (Record no. 51931)

MARC details
000 -الفاتح
حقل البيانات ثابتة الطول 00689nam a2200217Ia 4500
008 - عناصر البيانات ثابتة الطول - معلومات عامة
حقل البيانات ثابتة الطول 140319s9999 xx 000 0 ara d
040 ## - مصدر الفهرسة
وكالة الفهرسة الأصلية GCL /
وكالة النسخ GCL
082 04 - رقم تصنيف ديوى العشرى
رقم التصنيف 668.4
رقم المادة ا ب
100 1# - المدخل الرئيسى - إسم شخصى
الإسم الشخصى احمد مجدى
245 10 - بيان العنوان
العنوان البلاستيك وتاثيراته الصحية والبيئية /
بيان المسئوليه,etc احمد مجدى
700 1# - المدخل الاضافى - اسم شخصى
الإسم الشخصى حسين مطاوع
300 ## - الوصف المادى
التعداد 183 ص
490 ## - بيان السلسلة
عنوان السلسلة سلسلة العلم والحياة
رقم المجلد/ التعيين التسلسلي 0
650 04 - المدخل الاضافى بالموضوع-مصطلح موضوعى
مصطلح موضوعي تلوث البيئة
650 04 - المدخل الاضافى بالموضوع-مصطلح موضوعى
مصطلح موضوعي حماية البيئة
650 04 - المدخل الاضافى بالموضوع-مصطلح موضوعى
مصطلح موضوعي البلاستيك
650 04 - المدخل الاضافى بالموضوع-مصطلح موضوعى
مصطلح موضوعي البلاستيك - تاثير الاشعة على
650 04 - المدخل الاضافى بالموضوع-مصطلح موضوعى
مصطلح موضوعي البلاستيك - تشكيل
942 ## - عناصر المدخل الإضافي( كوها)
مصدر التصنيف او مخطط الترفيف Dewey Decimal Classification
Koha [default] item type كتاب
Holdings
حالة التراجع حالة الفقد حالة تلف ليس للاعارة المكان المؤقت الموقع الحالى تاريخ الاكتساب اجمالي اﻻعارات رقم الطلب الباركود تاريخ اخر مشاهدة تاريخ تفعيل السعر نوع وعاء كوها
        مكتبة القاهرة الكبرى مكتبة القاهرة الكبرى 03/26/2014   668.4\ا ب 124276 03/26/2014 03/26/2014 كتاب

Powered By

EGPV